| 000 | 00933nam a2200265 a 4500 | ||
|---|---|---|---|
| 001 | 59717 | ||
| 003 | BD-RjUL | ||
| 005 | 20211209080748.0 | ||
| 008 | 161227s1961 ii | 001 0 eng | ||
| 035 | _a(BD-RjUL)59841 | ||
| 040 |
_aDLC _cIAU _dEQO _dBD-RjUL _beng |
||
| 041 | _aeng | ||
| 082 | 0 |
_a361.954 _223 _bHIS 1961 |
|
| 245 | 1 | 0 |
_aHistory and philosophy of social work in India : _ba souvenir volume of the silver jubilee celebrations of the Tata Institute of Social Sciences / _cEdited by A. R. Wadia ; assisted by N. Hormasji. |
| 260 |
_aBombay : _bAllied Publishers, _cc1961. |
||
| 300 |
_ax, 522 p. ; _c22 cm. |
||
| 500 | _aIncludes index | ||
| 650 | 0 |
_aPublic welfare _zIndia. _xHistory. _9177692 |
|
| 650 | 0 |
_aCharities _zIndia _xHistory. _9177693 |
|
| 700 |
_aWadia, A. R. _9177694 |
||
| 700 |
_aHormasji, N. _9177695 |
||
| 710 | 2 |
_aTata Institute of Social Sciences. _9177696 |
|
| 942 |
_2ddc _cBK |
||
| 999 |
_c59717 _d59717 |
||